Panduan membuat pakaian : panduan praktikal langkah demi langkah teknik menjahit

Bibliographic Details
Main Author: Mariam Abu Bakar
Format: Book
Published: Selangor : Alaf 21 Sendirian Berhad , 1988
Subjects:

MARC

LEADER 00000cam a2200000 7i4500
001 0000016793
005 20080507.0
008 290408
020 |a 967860082x 
090 0 0 |a 746.92083   |b MAR 
100 0 |a Mariam Abu Bakar 
245 1 0 |a Panduan membuat pakaian :   |b panduan praktikal langkah demi langkah teknik menjahit   |c Mariam Abu Bakar 
260 |a Selangor :   |b Alaf 21 Sendirian Berhad ,   |c 1988 
650 0 |a Clothing and dress   |x Handbooks, manual, etc 
650 0 |a Dressmaking   |x Handbooks, manual, etc 
650 0 |a Sewing   |x Handbooks, manual, etc 
999 |a 0000889486   |b Book   |c Adult Collection   |e Cawangan Mersing 
999 |a 0000909873   |b Book   |c Adult Collection   |e Cawangan Bandar Tenggara 
999 |a 0000909874   |b Book   |c Adult Collection   |e Cawangan Bandar Tenggara 
999 |a 0001013086   |b Book   |c Adult Collection   |e Cawangan Mersing 
999 |a 0001013087   |b Book   |c Adult Collection   |e Perbadanan Perpustakaan Awam Johor 
999 |a 0001013088   |b Book   |c Adult Collection   |e Perbadanan Perpustakaan Awam Johor 
999 |a 0001013089   |b Book   |c Adult Collection   |e Perbadanan Perpustakaan Awam Johor 
999 |a 0001013090   |b Book   |c Adult Collection   |e Cawangan Mersing